<?xml version="1.0" encoding="UTF-8"?>
<collection xmlns="http://www.loc.gov/MARC21/slim">
 <record>
  <leader>00569pamaa2200181   4500</leader>
  <controlfield tag="001">0000035262</controlfield>
  <controlfield tag="005">20081126090000.0</controlfield>
  <datafield tag="020" ind1="0" ind2="0">
   <subfield code="a">0130655899 </subfield>
  </datafield>
  <datafield tag="082" ind1=" " ind2=" ">
   <subfield code="a">515 BAR 2003</subfield>
  </datafield>
  <datafield tag="090" ind1="0" ind2="0">
   <subfield code="a">QA303.2 </subfield>
   <subfield code="b">BAR 2003</subfield>
  </datafield>
  <datafield tag="100" ind1="1" ind2="0">
   <subfield code="a">Barnett </subfield>
  </datafield>
  <datafield tag="245" ind1="1" ind2="0">
   <subfield code="a">Applied calculus : </subfield>
   <subfield code="b">for business, economics, life sciences and social sciences  </subfield>
   <subfield code="c">Raymond A. Barnett, Michael R. Ziegler,Karl Byleen.</subfield>
  </datafield>
  <datafield tag="250" ind1="0" ind2="0">
   <subfield code="a">8th ed..</subfield>
  </datafield>
  <datafield tag="260" ind1="0" ind2="0">
   <subfield code="a">New Jersey: </subfield>
   <subfield code="b">Prentice Hall, </subfield>
   <subfield code="c">2003.</subfield>
  </datafield>
  <datafield tag="300" ind1=" " ind2=" ">
   <subfield code="a">xix, 846p.: </subfield>
   <subfield code="b">ill.; </subfield>
   <subfield code="c">26cm..</subfield>
  </datafield>
  <datafield tag="650" ind1="0" ind2="0">
   <subfield code="a">Calculus </subfield>
  </datafield>
  <datafield tag="700" ind1="1" ind2="1">
   <subfield code="a">Ziegler, </subfield>
   <subfield code="h">Michael R. </subfield>
  </datafield>
  <datafield tag="700" ind1="1" ind2="1">
   <subfield code="a">Byleen, </subfield>
   <subfield code="h">Karl E. </subfield>
  </datafield>
 </record>
</collection>
